000 01264nam2a22002531 4500
001 RU\NLR\INFOCOMM44\1000035429
005 20250617112700.0
035 _a(NLR Aleph) 002573324
090 _a3209323
_c3209323
100 _a20040604d1957 |||y0rusy50 ca
101 0 _arus
102 _aRU
105 _ay |||||||||
200 1 _aПриспособления к протяжным станкам для наружного протяжения
_fВ.М. Волков и др.
210 _d1957
_aБ. м.
461 0 _1001RU\NLR\INFOCOMM44\1000035324
_12001#$aОбмен опытом в станкостроительной и инструментальной промышленности$v1957, №10
_93208464
_cМ.
_d1956-1958
_nЦентр. бюро техн. информации
_tОбмен опытом в станкостроительной и инструментальной промышленности
_v1957, №10
700 1 _4070
_7ca
_8rus
_aВолков
_bВ. М.
_cинженер, шлифовальные станки
_gВалентин Михайлович
_9270377
_3RU\NLR\AUTH\770270433
801 1 _aRU
_bInfoComm
_c20040604
801 0 _aRU
_bNLR
_gPSBO
852 _aNLR
_jП10/1433
942 _cISSUE
980 _aNB
980 _aRUSPER